Diseño de un envase contenedor de raciones alimenticias para su consumo en condiciones de emergencia y-o catástrofe: informe final proyecto investigación 2004

Đã lưu trong:
Chi tiết về thư mục
Tác giả chính: Lang Viacava, Ricardo Mauricio (autor)
Định dạng: Sách
Ngôn ngữ:Tiếng Tây Ban Nha
Được phát hành: Valparaíso Pontificia Universidad Católica de Valparaíso 2004
Những chủ đề:
Các nhãn: Thêm thẻ
Không có thẻ, Là người đầu tiên thẻ bản ghi này!

MARC

LEADER 00000nam a2200000 a 4500
001 UCK3827
003 CL-VaPUC
008 050513e20040000CL |||||||||||||||||spa|d
082 0 4 |a 664.09  |b LAN  |2 21 
100 |a Lang Viacava, Ricardo Mauricio  |e autor  |9 822052 
245 1 0 |a Diseño de un envase contenedor de raciones alimenticias para su consumo en condiciones de emergencia y-o catástrofe: informe final proyecto investigación 2004 
300 |a Pág. irreg 
942 |c BK 
945 |d 20050513 00:00:00  |a cmena 
260 |a Valparaíso  |b Pontificia Universidad Católica de Valparaíso  |c 2004 
650 7 |a ENVASES  |2 CL-VaPUC  |9 341877 
650 0 |a Diseño industrial  |9 262726 
650 7 |a SITUACIONES DE PELIGRO  |2 CL-VaPUC  |9 361481 
650 0 |a Catástrofes naturales  |9 268107 
650 0 |a Alimentos  |9 256203 
583 |a last modification  |c 20050513 00:00:00  |k Rodrigo Vera 
999 |c 312879  |d 312877 
952 |0 0  |1 0  |4 0  |6 664_090000000000000_LAN_2004  |7 0  |8 A  |9 383725  |a BIBARQ  |b BIBARQ  |d 2019-11-22  |i 4121252  |l 4  |o 664.09 LAN 2004  |p 4121252  |r 2025-01-20  |s 2024-08-20  |w 2019-11-22  |y BK  |k ARQ